Gestão profissional em instituições privadas de ensino superior (Record no. 67288)

MARC details
000 -LÍDER
campo de controle de tamanho fixo 00442 a2200157 4500
001 - NÚMERO DE CONTROLE
campo de controle 67288
020 ## - ISBN - INTERNATIONAL STANDARD BOOK NUMBER
ISBN - International Standard Book Number 859868712
040 ## - FONTE DA CATALOGAÇÃO
Instituição que transcreveu o registro Anchieta - Pituba
100 ## - ENTRADA PRINCIPAL--NOME PESSOAL
Nome pessoal Garcia, Maurício
240 10 - TÍTULO UNIFORME
Título uniforme Gestão profissional em instituições privadas de ensino superior
Idioma da obra por
245 10 - TÍTULO
Título Gestão profissional em instituições privadas de ensino superior
300 ## - DESCRIÇÃO FÍSICA
Extensão 204
362 0# - DATAS DE PUBLICAÇÃO E/OU DESIGNAÇÃO SEQUENCIAL
Datas de publicação e/ou designação sequencial 2006
650 #4 - ASSUNTO--TERMO TÓPICO
Cabeçalho tópico ou nome geográfico .Universidades particulares
942 ## - ELEMENTOS DE ENTRADA ADICIONADOS (KOHA)
Tipo de material Koha Livros
Holdings
Situação do descarte Situação das perdas Situação física Não pode ser emprestado Biblioteca de origem Biblioteca atual Data de aquisição Total de empréstimos Número de chamada completo Código de barras Data de último acesso Data do preço efetivo Tipo de material Koha
        Colégio Anchieta - Pituba Colégio Anchieta - Pituba 21/11/2023   378.04 G216g GES 22156/PIT 21/11/2023 21/11/2023 Livros